Guess The Quotes From Famous Movies - Statistics

General Stats
  • This quiz has been taken 2,632 times
  • The average score is 24 of 50
Answer Stats
Quote Year of film Answer % Correct
Use The Force 1977 Star Wars: A New Hope
88%
Here's Johnny 1980 The Shining
78%
I'm King Of The World 1997 Titanic
78%
Life Is Like A Box Of Chocolates 1994 Forest Gump
77%
Expecto Petronum!! 2004 Harry Potter and the Prisoner of Azkaban
77%
My Precious 2002 Lord Of The Rings: The Two Towers
77%
Hasta La Vista Baby! 1991 Terminator 2
74%
I volunteer as tribute! 2012 The Hunger Games
74%
Whosoever holds of this hammer, if you be worthy, you posses the power of .... 2011 Thor
72%
This Is Sparta!! 2006 300
69%
Fish Are Friends Not Food 2003 Finding Nemo
69%
Houston We Have A Problem 1995 Apollo 13
68%
With Great Power Comes Great Responsibilty 2002 Spider-Man
66%
I'll Make Him An Offer He Can't Refuse 1972 The Godfather
66%
Say Hello To My Little Friend 1983 Scarface
64%
I Will Find You, and I Will Kill You 2008 Taken
58%
You Talkin' To Me 1976 Taxi Driver
58%
I Feel The Need- The Need For Speed 1986 Top Gun
56%
Wilson!! 2000 Cast Away
55%
He's Not Spider-Pig Anymore, he's Harry Plopper 2007 Simpsons Movie
55%
Here's Looking At You Kid 1942 Casablanca
54%
Groovy Baby 1997 Austin Powers: International Man Of Mystery
53%
No, Mr Bond I Expect You To Die 1964 James Bond: Goldfinger
50%
I Believe Whatever Doesn't Kill You, Simply Makes You......Stranger 2008 The Dark Knight
50%
I Love The Smell Of Napalm In The Morning 1979 Apocalypse Now
49%
Silly Caucasian girl likes to play with Samurai swords. 2003 Kill Bill: Volume 1
49%
You Feelin Lucky Punk? 1971 Dirty Harry
48%
Why Do we Fall Master Bruce? So That We Can Learn to Pick Ourselves Back Up 2005 Batman Begins
46%
I'm Mclovin 2007 Superbad
46%
Show Me The Money 1996 Jerry Maguire
42%
This Is My House I Have To Defend It 1990 Home Alone
40%
I Am Kaizer Soze 1995 The Usual Suspects
38%
You Best Start Believing In Ghost Stories Miss Turner, You're In One! 2007 The Pirates Of The Caribbean: The Curse Of The Black Pearl
35%
What's the most resilient parasite? An idea. A single idea from the human mind can build cities. An idea can transform the world and rewrite all the rules. Which is why I have to steal it. 2010 Inception
34%
Welcome To The Real World 1999 The Matrix
34%
I'm Pretty Sure There's More To Life Than Being Really, Really Ridiculously Good Looking, And I Plan On Finding Out What That Is 2001 Zoolander
33%
Dude What Does Mine Say, Sweet What Does Mine Say, Dude What Does Mine Say... 2000 Dude Where's My Car?
30%
i used to think of myself as a one man wolfpack! 2009 The Hangover
29%
They've Done Studies You Know. 60% of The Time It Works Every Time 2004 Anchorman: The Legend Of Ron Burgundy
26%
It's only after we've lost everything, that we are free to do anything 1999 Fight Club
22%
I Will See You Again But Not Yet 2000 Gladiator
22%
If You Kill Him, He Will Win. 1995 Se7en
22%
Nobody Makes Me Bleed My Own Blood, Nobody! 2004 Dodgeball
21%
You probably heard we ain't in the prisoner-takin' business; we in the killin' Nazi business. And cousin, business is a-boomin 2009 Inglourious Basterds
19%
No you're not hardcore! Unless you live hardcore! And the legend of the rent was way hardcore! 2003 School Of Rock
19%
I know who I am! I'm the dude playing the dude disguised as another dude! 2008 Tropic Thunder
19%
Why didn't you just kill me?.... Your punishment must be more severe! 2012 The Dark Knight Rises
17%
Was that a Fart? I can taste it, on my tongue. ketchup, ketchup and onion. 2008 Step-Brothers
14%
Game Over 2004 Saw
13%
Maybe, Maybe not, Maybe f**k yourself! 2006 The Departed
10%
No matching quizzes found
Score Distribution
Percent of People with Each Score
Percentile by Number Answered
Your Score History
You have not taken this quiz